Normal view
MARC view
- Sponsoring Ds Dr. Muhammad Mubasher Saleem
Entry Corporate Name
001 - CONTROL NUMBER
- control field: 86416
003 - CONTROL NUMBER IDENTIFIER
- control field: NUST
005 - DATE AND TIME OF LATEST TRANSACTION
- control field: 20211210150957.0
008 - FIXED-LENGTH DATA ELEMENTS
- fixed length control field: 211210|| aca||aabn | a|a d
040 ## - CATALOGING SOURCE
- Original cataloging agency: NUST
- Transcribing agency: NUST
110 ## - HEADING--CORPORATE NAME
- Corporate name or jurisdiction name as entry element: Sponsoring Ds Dr. Muhammad Mubasher Saleem
670 ## - SOURCE DATA FOUND
- Source citation: Work cat.: (NUST): Sadia Usman Mohib Jehangir Mirza Muhammad Saad Bin Tariq Muhammad Adil Haroon 86415, PR-SOF-1965-Assisstive Robotics for Disabled and Elderly, 2021.
